[Event "New York Marshall Winter IM"]
[Site "New York"]
[Date "2023.02.24"]
[Round "4"]
[White "Lee, Alice"]
[Black "Moskow, Eric"]
[Result "1-0"]
[WhiteElo "2320"]
[BlackElo "2144"]
[PlyCount "67"]
[EventDate "2023.02.22"]
[EventType "tourn"]
[EventRounds "9"]
[EventCountry "USA"]
[EventCategory "1"]
[SourceTitle "CBM 212 Extra"]
[Source "ChessBase"]
[SourceDate "2023.03.31"]
[SourceVersion "1"]
[SourceVersionDate "2023.03.31"]
[SourceQuality "1"]

1. d4 Nf6 2. c4 g6 3. Nc3 Bg7 4. e4 d6 5. Nf3 0-0 6. Be2 Na6 7. 0-0 e5 8. Be3 Qe7 9. Qc2 Nb4 10. Qd2 c5 11. d5 Ng4 12. Bg5 f6 13. Bh4 g5 14. Bg3 Nh6 15. a3 Na6 16. Nd1 g4 17. Nh4 f5 18. Nxf5 Nxf5 19. exf5 Bxf5 20. Ne3 Qg5 21. Rad1 Bh6 22. Nxf5 Qxd2 23. Rxd2 Bxd2 24. Bxg4 Bf4 25. Bh4 e4 26. Be7 Rf7 27. g3 Be5 28. Nh6+ Kg7 29. Nxf7 Kxf7 30. Bg5 Bxb2 31. Bh5+ Kg8 32. Rb1 Bd4 33. Rxb7 Rf8 34. Bf4 1-0

[Event "New York Marshall Winter IM"]
[Site "New York"]
[Date "2023.02.23"]
[Round "2"]
[White "Tanenbaum, Zachary Chen"]
[Black "Moskow, Eric"]
[Result "1-0"]
[WhiteElo "2244"]
[BlackElo "2144"]
[PlyCount "53"]
[EventDate "2023.02.22"]
[EventType "tourn"]
[EventRounds "9"]
[EventCountry "USA"]
[EventCategory "1"]
[SourceTitle "CBM 212 Extra"]
[Source "ChessBase"]
[SourceDate "2023.03.31"]
[SourceVersion "1"]
[SourceVersionDate "2023.03.31"]
[SourceQuality "1"]

1. e4 c5 2. Nf3 d6 3. d4 cxd4 4. Nxd4 Nf6 5. Nc3 g6 6. Be3 Bg7 7. f3 Nc6 8. Qd2 0-0 9. g4 Be6 10. Nxe6 fxe6 11. 0-0-0 Ne5 12. Be2 Qc8 13. Rhe1 Nc4 14. Bxc4 Qxc4 15. Bd4 b5 16. e5 dxe5 17. Bxe5 b4 18. Qe2 Rac8 19. Qxc4 Rxc4 20. Nb5 Bh6+ 21. Kb1 Nd5 22. Nd4 Rfc8 23. Re2 Ne3 24. Rd3 R8c5 25. g5 Rxe5 26. gxh6 Rd5 27. Nxe6 1-0

[Event "Robert Byrne Memorial IM"]
[Site "Naperville"]
[Date "2023.01.22"]
[Round "9"]
[White "Putnam, Liam H"]
[Black "Moskow, Eric"]
[Result "1/2-1/2"]
[WhiteElo "2282"]
[BlackElo "2125"]
[PlyCount "37"]
[EventDate "2023.01.18"]
[EventType "tourn"]
[EventRounds "9"]
[EventCountry "USA"]
[SourceTitle "CBM 212 Extra"]
[Source "ChessBase"]
[SourceDate "2023.03.31"]
[SourceVersion "1"]
[SourceVersionDate "2023.03.31"]
[SourceQuality "1"]

1. d4 Nf6 2. c4 c5 3. d5 b5 4. cxb5 a6 5. bxa6 e6 6. Nc3 exd5 7. Nxd5 Be7 8. Bf4 Nxd5 9. Qxd5 Nc6 10. e3 0-0 11. Nf3 Rxa6 12. Be2 Nb4 13. Qd2 Rxa2 14. Rxa2 Nxa2 15. 0-0 d5 16. Ne5 Nb4 17. Ra1 Be6 18. h3 Qb6 19. Nf3 1/2-1/2

[Event "Naperville Tate Memorial"]
[Site "Naperville"]
[Date "2022.11.18"]
[Round "?"]
[White "Moskow, Eric"]
[Black "Chen, Ryo"]
[Result "1/2-1/2"]
[WhiteElo "2143"]
[BlackElo "2269"]
[PlyCount "86"]
[EventDate "2022.11.16"]
[EventType "tourn"]
[EventRounds "9"]
[EventCountry "USA"]
[EventCategory "1"]
[SourceTitle "EXT 2024"]
[Source "ChessBase"]
[SourceDate "2023.10.10"]
[SourceVersion "1"]
[SourceVersionDate "2023.10.10"]
[SourceQuality "1"]

1. e4 c5 2. Nf3 d6 3. d4 cxd4 4. Nxd4 Nf6 5. Nc3 Nc6 6. Bg5 a6 7. Qd2 Qb6 8. 0-0-0 Qxd4 9. Qxd4 Nxd4 10. Rxd4 Bd7 11. Nd5 Nxd5 12. exd5 g6 13. Re4 f5 14. Re1 Kf7 15. Bc4 h6 16. Be3 Bg7 17. Rd1 b5 18. Bb3 Rhc8 19. Bd4 a5 20. Bxg7 Kxg7 21. Rhe1 Kf8 22. a3 Be8 23. Rd4 Ra7 24. Re3 Rac7 25. c3 Rb7 26. Kd2 Bf7 27. Rh3 Kg7 28. g4 fxg4 29. Rxg4 Rf8 30. Rf3 g5 31. Rd4 Bg6 32. Rxf8 Kxf8 33. f4 Kg7 34. fxg5 hxg5 35. h4 gxh4 36. Rxh4 Rb8 37. Ke3 Kf6 38. Rh6 Kg5 39. Rh2 Bf5 40. Kd4 Kf6 41. Rh6+ Kg7 42. Rh2 Kf6 43. Rh6+ Kg7 1/2-1/2

[Event "Naperville Diesen Memorial"]
[Site "Naperville"]
[Date "2022.09.25"]
[Round "7"]
[White "Shankar, Gauri CM"]
[Black "Moskow, Eric"]
[Result "1/2-1/2"]
[WhiteElo "2311"]
[BlackElo "2109"]
[PlyCount "51"]
[EventDate "2022.09.22"]
[EventType "tourn"]
[EventRounds "9"]
[EventCountry "USA"]
[SourceTitle "CBM 210 Extra"]
[Source "ChessBase"]
[SourceDate "2022.11.30"]
[SourceVersion "1"]
[SourceVersionDate "2022.11.30"]
[SourceQuality "1"]

1. Nf3 Nf6 2. g3 d5 3. Bg2 Bf5 4. 0-0 c6 5. c4 e6 6. Qb3 Qb6 7. d3 Be7 8. Be3 Qxb3 9. axb3 a6 10. Nc3 h6 11. Na4 Nbd7 12. cxd5 exd5 13. Rfc1 0-0 14. Bd2 Rfe8 15. Nd4 Bg6 16. b4 Bd6 17. f4 Bh5 18. e3 Bg6 19. Bf1 Re7 20. h3 Rae8 21. Nc5 Nxc5 22. bxc5 Bc7 23. Kf2 Bh7 24. Be2 Nd7 25. Ra3 Nf8 26. Bg4 1/2-1/2

[Event "Fagernes IM"]
[Site "Fagernes"]
[Date "2016.03.27"]
[Round "9.5"]
[White "Stanford, Sheila Barth"]
[Black "Moskow, Eric"]
[Result "1/2-1/2"]
[WhiteElo "2195"]
[BlackElo "2116"]
[PlyCount "26"]
[EventDate "2016.03.20"]
[EventType "tourn"]
[EventRounds "9"]
[EventCountry "NOR"]
[EventCategory "4"]
[SourceTitle "CBM 171 Extra"]
[Source "ChessBase"]
[SourceDate "2016.04.26"]
[SourceVersion "1"]
[SourceVersionDate "2016.04.26"]
[SourceQuality "1"]

1. e4 c5 2. Nf3 d6 3. d4 cxd4 4. Nxd4 Nf6 5. Nc3 g6 6. Be3 Bg7 7. f3 Nc6 8. Qd2 0-0 9. 0-0-0 d5 10. exd5 Nxd5 11. Nxc6 bxc6 12. Bd4 Bxd4 13. Qxd4 Qb6 1/2-1/2

[Event "Fagernes IM"]
[Site "Fagernes"]
[Date "2016.03.26"]
[Round "8.2"]
[White "Moskow, Eric"]
[Black "Narciso Dublan, Marc"]
[Result "0-1"]
[WhiteElo "2116"]
[BlackElo "2549"]
[PlyCount "66"]
[EventDate "2016.03.20"]
[EventType "tourn"]
[EventRounds "9"]
[EventCountry "NOR"]
[EventCategory "4"]
[SourceTitle "CBM 171 Extra"]
[Source "ChessBase"]
[SourceDate "2016.04.26"]
[SourceVersion "1"]
[SourceVersionDate "2016.04.26"]
[SourceQuality "1"]

1. Nf3 d6 2. g3 e5 3. c4 f5 4. d3 Nf6 5. Nc3 g6 6. Bg2 Bg7 7. 0-0 0-0 8. Rb1 h6 9. b4 g5 10. b5 Nbd7 11. a4 Qe8 12. Nd2 Rb8 13. Ba3 Nc5 14. Bxc5 dxc5 15. Nd5 Nxd5 16. Bxd5+ Be6 17. Bg2 b6 18. a5 Rd8 19. Qc2 Qh5 20. Rfe1 e4 21. dxe4 f4 22. Rb3 g4 23. Rd3 Be5 24. Rd5 Bxd5 25. exd5 Rd7 26. Ne4 Rdf7 27. Qd3 Kg7 28. e3 fxe3 29. fxe3 Qg6 30. Rd1 h5 31. Rd2 h4 32. gxh4 Qh6 33. Ng5 Bxh2+ 0-1

[Event "Fagernes IM"]
[Site "Fagernes"]
[Date "2016.03.25"]
[Round "7.2"]
[White "Brynell, Stellan"]
[Black "Moskow, Eric"]
[Result "1-0"]
[WhiteElo "2417"]
[BlackElo "2116"]
[PlyCount "67"]
[EventDate "2016.03.20"]
[EventType "tourn"]
[EventRounds "9"]
[EventCountry "NOR"]
[EventCategory "4"]
[SourceTitle "CBM 171 Extra"]
[Source "ChessBase"]
[SourceDate "2016.04.26"]
[SourceVersion "1"]
[SourceVersionDate "2016.04.26"]
[SourceQuality "1"]

1. d4 Nf6 2. c4 e6 3. Nf3 d5 4. Nc3 dxc4 5. e3 a6 6. a4 c5 7. Bxc4 Nc6 8. 0-0 Be7 9. dxc5 Qxd1 10. Rxd1 Bxc5 11. Bd2 b6 12. Ng5 Ne5 13. Be2 Bb7 14. Na2 h6 15. Bc3 hxg5 16. Bxe5 Rh4 17. b4 Be7 18. Bg3 Rh8 19. b5 Bc5 20. Nc1 Ne4 21. bxa6 Bxa6 22. Bf3 Bb7 23. Nb3 Be7 24. Nd4 g4 25. Bxg4 Nxg3 26. hxg3 Bd8 27. Be2 Ke7 28. Bb5 Rc8 29. Nf5+ Kf6 30. Nd6 Rb8 31. e4 Kg6 32. Rac1 Ba8 33. f3 Rh5 34. Be8 1-0

[Event "NZL-ch rapid 123rd"]
[Site "Auckland"]
[Date "2016.01.12"]
[Round "8"]
[White "Jones, Gawain C B"]
[Black "Moskow, Eric"]
[Result "1-0"]
[WhiteElo "2625"]
[BlackElo "2127"]
[PlyCount "95"]
[EventDate "2016.01.11"]
[EventType "swiss (rapid)"]
[EventRounds "9"]
[EventCountry "NZL"]
[SourceTitle "CBM 170 Extra"]
[Source "ChessBase"]
[SourceDate "2016.02.25"]
[SourceVersion "1"]
[SourceVersionDate "2016.02.25"]
[SourceQuality "1"]

1. e4 c5 2. Nc3 Nc6 3. f4 g6 4. Nf3 Bg7 5. Bb5 Nd4 6. 0-0 a6 7. Bd3 e6 8. Nxd4 cxd4 9. Ne2 Ne7 10. b3 0-0 11. Bb2 Nc6 12. Qe1 e5 13. fxe5 Bxe5 14. Qf2 d5 15. Nxd4 Nxd4 16. Bxd4 Bxd4 17. Qxd4 dxe4 18. Qxe4 Bf5 19. Rxf5 gxf5 20. Qf4 Qf6 21. Rf1 Rad8 22. Bxf5 Qd4+ 23. Qxd4 Rxd4 24. d3 Re8 25. c3 Rd6 26. Be4 b5 27. Rf4 Rc8 28. c4 bxc4 29. bxc4 Rb6 30. Rg4+ Kf8 31. Bxh7 Rcc6 32. Rg8+ Ke7 33. Be4 Rf6 34. h3 Rb2 35. Ra8 Rxa2 36. Ra7+ Kd8 37. c5 Ra1+ 38. Kh2 Rc1 39. c6 Ra1 40. Bf3 Rxf3 41. gxf3 Rd1 42. Rd7+ Kc8 43. d4 a5 44. h4 a4 45. h5 a3 46. h6 Re1 47. h7 Re8 48. Rxf7 1-0

[Event "NZL-ch op 123rd"]
[Site "Auckland"]
[Date "2016.01.04"]
[Round "3"]
[White "Moskow, Eric"]
[Black "Goodhue, Nathan"]
[Result "1/2-1/2"]
[WhiteElo "2127"]
[BlackElo "1990"]
[PlyCount "164"]
[EventDate "2016.01.02"]
[EventType "swiss"]
[EventRounds "9"]
[EventCountry "NZL"]
[SourceTitle "CBM 170 Extra"]
[Source "ChessBase"]
[SourceDate "2016.02.25"]
[SourceVersion "1"]
[SourceVersionDate "2016.02.25"]
[SourceQuality "1"]

1. Nf3 f5 2. g3 Nf6 3. Bg2 g6 4. c4 Bg7 5. Nc3 0-0 6. 0-0 d6 7. d3 e5 8. Rb1 Nc6 9. b4 h6 10. b5 Ne7 11. a4 Be6 12. Ba3 g5 13. c5 g4 14. cxd6 cxd6 15. Nd2 Rc8 16. Rc1 Qd7 17. Nc4 Ne8 18. Qd2 Rf7 19. Na5 Rb8 20. Qe3 Nc8 21. Nd5 Qd8 22. Nc4 b6 23. Nb4 Ne7 24. Nc6 Nxc6 25. Bxc6 Bxc4 26. dxc4 Rf6 27. Rfd1 Qc7 28. Qd3 Bf8 29. Qd5+ Qf7 30. Qxf7+ Kxf7 31. Bb4 Ke6 32. Ra1 Rg6 33. a5 Nc7 34. axb6 axb6 35. Ra7 Rg7 36. Kg2 Rf7 37. h3 Rg7 38. hxg4 fxg4 39. Bd2 Ne8 40. Rxg7 Bxg7 41. Ra1 Nf6 42. Ra7 Bf8 43. e4 h5 44. Be3 Be7 45. Kf1 Bd8 46. Ke2 Be7 47. Kd3 Bd8 48. Bg5 Nxe4 49. Bd7+ Kf7 50. Kxe4 Bxg5 51. Bxg4+ Kf6 52. Bxh5 Bd2 53. f4 exf4 54. gxf4 Rf8 55. Rb7 Ba5 56. f5 Kg5 57. Bg6 Rc8 58. Bf7 Rc5 59. Be6 Re5+ 60. Kd4 Kf6 61. Rf7+ Kg5 62. Rg7+ Kf6 63. Rb7 Kg5 64. Rb8 Kf6 65. Kd3 Kg5 66. Kc2 Kf6 67. Kb3 Re3+ 68. Ka4 Ke5 69. Rd8 Re1 70. Kb3 Rb1+ 71. Kc2 Rf1 72. Rf8 Bb4 73. Re8 Kf6 74. Bd7 Rf4 75. Kd3 Bc5 76. Re2 Rd4+ 77. Kc3 Rh4 78. Rg2 Rh3+ 79. Kc2 Rh4 80. Be6 Rf4 81. Kd3 Rd4+ 82. Ke2 Rf4 1/2-1/2

[Event "Los Angeles op"]
[Site "Los Angeles"]
[Date "2010.10.16"]
[Round "2"]
[White "Peters, Jack"]
[Black "Moskow, Eric"]
[Result "1-0"]
[WhiteElo "2357"]
[BlackElo "2193"]
[PlyCount "71"]
[EventDate "2010.10.15"]
[EventType "swiss"]
[EventRounds "5"]
[EventCountry "USA"]
[SourceTitle "EXT 2013"]
[Source "ChessBase"]
[SourceDate "2012.11.22"]
[SourceVersion "1"]
[SourceVersionDate "2012.11.22"]
[SourceQuality "1"]

1. e4 c5 2. Nf3 d6 3. d4 cxd4 4. Nxd4 Nf6 5. Nc3 g6 6. Be3 Bg7 7. f3 Nc6 8. Qd2 0-0 9. Bc4 Bd7 10. 0-0-0 Rc8 11. Bb3 Nxd4 12. Bxd4 b5 13. Bxa7 b4 14. Ne2 Qa5 15. Bd4 Ba4 16. Kb1 Bxb3 17. cxb3 Ra8 18. Nc1 Rfc8 19. Rhe1 Nd7 20. Bxg7 Kxg7 21. Re3 Kg8 22. f4 Rc7 23. Qe1 Qc5 24. Re2 Qa5 25. Rc2 Rxc2 26. Kxc2 Rc8+ 27. Kb1 Qc5 28. Qe2 Rc7 29. g3 Qc6 30. Nd3 Qb5 31. Qd2 Rb7 32. Rc1 Nc5 33. Nxc5 dxc5 34. Qd5 Ra7 35. Qxc5 Qd3+ 36. Qc2 1-0

[Event "Dun Laoghaire IM"]
[Site "Dun Laoghaire"]
[Date "2010.08.27"]
[Round "7"]
[White "Griffiths, Ryan Rhys"]
[Black "Moskow, Eric"]
[Result "1/2-1/2"]
[WhiteElo "2249"]
[BlackElo "2193"]
[PlyCount "81"]
[EventDate "2010.08.21"]
[EventType "tourn"]
[EventRounds "9"]
[EventCountry "IRL"]
[EventCategory "3"]
[SourceTitle "CBM 138 Extra"]
[Source "ChessBase"]
[SourceDate "2010.10.29"]
[SourceVersion "1"]
[SourceVersionDate "2010.10.29"]
[SourceQuality "1"]

1. c4 Nf6 2. Nc3 g6 3. g3 Bg7 4. Bg2 d6 5. d3 Nc6 6. e4 e5 7. Nge2 0-0 8. 0-0 Nd7 9. Be3 Nc5 10. Nd5 Ne6 11. Qd2 Ned4 12. b4 Nxe2+ 13. Qxe2 Nd4 14. Bxd4 exd4 15. b5 c6 16. bxc6 bxc6 17. Nb4 Bd7 18. Rab1 a5 19. Nc2 Qc7 20. Rb2 Rab8 21. Rfb1 Rxb2 22. Rxb2 Rb8 23. Na1 Rb6 24. Qc2 Qb7 25. Rxb6 Qxb6 26. Qb3 Qb4 27. Qxb4 axb4 28. Nb3 c5 29. Kf1 g5 30. f3 Be5 31. Kf2 h5 32. Bf1 Kg7 33. Be2 Kg6 34. Kg2 f5 35. h3 h4 36. g4 fxg4 37. fxg4 Ba4 38. Kf3 Bg3 39. Bd1 Kf6 40. Bc2 Bxb3 41. axb3 1/2-1/2

[Event "Dun Laoghaire IM"]
[Site "Dun Laoghaire"]
[Date "2010.08.26"]
[Round "6"]
[White "Moskow, Eric"]
[Black "Fitzsimons, David"]
[Result "1-0"]
[WhiteElo "2193"]
[BlackElo "2263"]
[PlyCount "55"]
[EventDate "2010.08.21"]
[EventType "tourn"]
[EventRounds "9"]
[EventCountry "IRL"]
[EventCategory "3"]
[SourceTitle "CBM 138 Extra"]
[Source "ChessBase"]
[SourceDate "2010.10.29"]
[SourceVersion "1"]
[SourceVersionDate "2010.10.29"]
[SourceQuality "1"]

1. Nf3 c5 2. c4 Nf6 3. Nc3 e6 4. g3 b6 5. Bg2 Bb7 6. 0-0 Be7 7. d4 cxd4 8. Qxd4 d6 9. Bg5 0-0 10. Nb5 a6 11. Nc3 Nbd7 12. Rfd1 Qc7 13. Rac1 Rfd8 14. Bxf6 Nxf6 15. Nd2 Bxg2 16. Kxg2 Qb7+ 17. Nf3 b5 18. cxb5 axb5 19. b3 b4 20. Na4 Ne4 21. Rc4 d5 22. Rc2 Bf6 23. Ne5 Rdc8 24. Rdc1 Rxc2 25. Rxc2 Rc8 26. Qa7 Qa8 27. Qxf7+ Kh8 28. Nb6 1-0

[Event "Reykjavik op"]
[Site "Reykjavik"]
[Date "2009.03.26"]
[Round "3"]
[White "Moskow, Eric"]
[Black "Harika, Dronavalli"]
[Result "0-1"]
[WhiteElo "2225"]
[BlackElo "2473"]
[PlyCount "56"]
[EventDate "2009.03.24"]
[EventType "swiss"]
[EventRounds "9"]
[EventCountry "ISL"]
[SourceTitle "CBM 129 Extra"]
[Source "ChessBase"]
[SourceDate "2009.05.05"]
[SourceVersion "2"]
[SourceVersionDate "2009.05.20"]
[SourceQuality "1"]

1. c4 g6 2. Nc3 Bg7 3. g3 Nf6 4. Bg2 0-0 5. Nf3 d5 6. cxd5 Nxd5 7. 0-0 Nc6 8. Nxd5 Qxd5 9. d3 Qh5 10. Qc2 a5 11. Be3 a4 12. Rac1 Qb5 13. d4 Be6 14. Qc5 Qxc5 15. Rxc5 Bxa2 16. d5 Nb4 17. Nd4 Rfd8 18. Rxc7 Bxd5 19. Bxd5 Nxd5 20. Rxb7 Rab8 21. Rxb8 Rxb8 22. Ra1 Nxe3 23. fxe3 Rxb2 24. Rxa4 Bxd4 25. exd4 Rxe2 26. Ra7 e6 27. h3 Rd2 28. Rd7 Kf8 0-1

[Event "North American op 18th"]
[Site "Las Vegas"]
[Date "2008.12.26"]
[Round "1"]
[White "Becerra Rivero, Julio"]
[Black "Moskow, Eric"]
[Result "1/2-1/2"]
[WhiteElo "2602"]
[BlackElo "2225"]
[PlyCount "116"]
[EventDate "2008.12.26"]
[EventType "swiss"]
[EventRounds "7"]
[EventCountry "USA"]
[SourceTitle "CBM 127 Extra"]
[Source "ChessBase"]
[SourceDate "2009.01.08"]
[SourceVersion "2"]
[SourceVersionDate "2009.01.28"]
[SourceQuality "1"]

1. e4 c5 2. Nf3 d6 3. c3 Nf6 4. Be2 Bd7 5. d3 g6 6. Bg5 Bg7 7. Nbd2 h6 8. Be3 Nc6 9. h3 0-0 10. 0-0 Rc8 11. a3 e5 12. b4 b6 13. b5 Ne7 14. d4 cxd4 15. cxd4 exd4 16. Nxd4 d5 17. e5 Ne4 18. N2f3 Nf5 19. Nxf5 Bxf5 20. Rc1 Nc3 21. Qd2 Nxe2+ 22. Qxe2 Qe7 23. a4 Be4 24. Nd4 Qa3 25. Ra1 Qd3 26. Qxd3 Bxd3 27. Rfd1 Bc4 28. f4 Rfe8 29. a5 f6 30. e6 f5 31. axb6 axb6 32. Ra7 Ra8 33. Rxa8 Rxa8 34. g4 Ra3 35. Bf2 Bxd4 36. Bxd4 Rd3 37. Rxd3 Bxd3 38. Bxb6 Bxb5 39. gxf5 gxf5 40. Kf2 Kf8 41. Bc5+ Kg7 42. Bd4+ Kf8 43. Bc5+ Kg7 44. Ke3 Kf6 45. e7 Ke6 46. Kd4 Be8 47. Bb4 Bf7 48. h4 h5 49. Bc5 Bg6 50. Kc3 Kd7 51. Kb4 Kc6 52. Bd4 Bf7 53. Bf6 Be8 54. Kc3 Kc5 55. Be5 Bf7 56. Bg7 Be8 57. Kd3 Bb5+ 58. Kc3 Be8 1/2-1/2

[Event "Benidorm op U2300 07th"]
[Site "Benidorm"]
[Date "2008.12.02"]
[Round "4"]
[White "Gonzalez Aguirre, Luis"]
[Black "Moskow, Eric"]
[Result "1-0"]
[WhiteElo "2110"]
[BlackElo "2225"]
[PlyCount "135"]
[EventDate "2008.11.29"]
[EventType "swiss"]
[EventRounds "9"]
[EventCountry "ESP"]
[SourceTitle "CBM 127 Extra"]
[Source "ChessBase"]
[SourceDate "2009.01.08"]
[SourceVersion "2"]
[SourceVersionDate "2009.01.28"]
[SourceQuality "1"]

1. Nf3 Nf6 2. d4 e6 3. Bf4 c5 4. e3 Nc6 5. c3 b6 6. h3 Be7 7. Bd3 0-0 8. 0-0 cxd4 9. cxd4 Nb4 10. Be2 Ba6 11. Bxa6 Nxa6 12. Nc3 Nb4 13. Rc1 Rc8 14. Bh2 d5 15. Ne5 Nd7 16. Nd3 a6 17. Nxb4 Bxb4 18. Qb3 Be7 19. Ne2 b5 20. Rxc8 Qxc8 21. Rc1 Qa8 22. Rc7 Rd8 23. Qc2 Bf8 24. Nc1 Nb6 25. b3 Rc8 26. Nd3 Be7 27. Kf1 Rxc7 28. Qxc7 Bd8 29. Qc1 Qc8 30. Qc5 Qb7 31. Nb4 Be7 32. Qc6 Qxc6 33. Nxc6 Ba3 34. Bc7 Nd7 35. Ke2 Kf8 36. Kd2 Ke8 37. f3 f6 38. Kc3 Bc1 39. e4 dxe4 40. fxe4 e5 41. dxe5 Nc5 42. exf6 gxf6 43. Nb8 Nxe4+ 44. Kc2 Ba3 45. Nxa6 Kd7 46. Bf4 Be7 47. Nc7 Kc6 48. a4 bxa4 49. bxa4 Bd8 50. Ne6 Bb6 51. Kb3 Ba5 52. Bh6 Nd6 53. g4 Ne4 54. Nf8 Nf2 55. Nxh7 Bd8 56. Bg7 Nxh3 57. Bxf6 Ba5 58. g5 Nf4 59. Nf8 Kd5 60. g6 Nxg6 61. Nxg6 Ke6 62. Bc3 Bc7 63. Kc4 Bb6 64. Kb5 Ba7 65. Kc6 Be3 66. Ne5 Ba7 67. Nc4 Ke7 68. Kb7 1-0

[Event "Gausdal Classics GM-A"]
[Site "Gausdal"]
[Date "2008.04.15"]
[Round "8"]
[White "Ikonnikov, Vyacheslav"]
[Black "Moskow, Eric"]
[Result "1-0"]
[WhiteElo "2578"]
[BlackElo "2229"]
[PlyCount "83"]
[EventDate "2008.04.08"]
[EventType "tourn"]
[EventRounds "9"]
[EventCountry "NOR"]
[EventCategory "11"]
[SourceTitle "CBM 124"]
[Source "ChessBase"]
[SourceDate "2008.05.28"]
[SourceVersion "1"]
[SourceVersionDate "2008.05.28"]
[SourceQuality "1"]

1. d4 Nf6 2. Nf3 e6 3. c4 c5 4. d5 exd5 5. cxd5 g6 6. Nc3 d6 7. e4 a6 8. h3 b5 9. Bd3 Bg7 10. 0-0 0-0 11. a3 Re8 12. Re1 Nbd7 13. Bf4 Qb6 14. Qd2 Bb7 15. b4 Rac8 16. Rac1 Nh5 17. Be3 Qd8 18. g4 Qf6 19. Kg2 cxb4 20. Ne2 bxa3 21. gxh5 Qb2 22. h6 Bh8 23. Bd4 Qxd2 24. Nxd2 Nc5 25. Bb1 f5 26. Bxh8 Kxh8 27. f3 a2 28. Bc2 fxe4 29. fxe4 Re7 30. Nd4 Rce8 31. Rf1 b4 32. Ra1 Nxe4 33. Bxe4 Rxe4 34. Nxe4 Bxd5 35. Kg3 Bxe4 36. Rfe1 d5 37. Rxa2 Rb8 38. Re3 Rb6 39. Rc2 Kg8 40. Rc6 Rb7 41. Rxa6 Kf7 42. Rb3 1-0

[Event "Gausdal Classics GM-A"]
[Site "Gausdal"]
[Date "2008.04.12"]
[Round "5"]
[White "Moskow, Eric"]
[Black "Krush, Irina"]
[Result "1/2-1/2"]
[WhiteElo "2229"]
[BlackElo "2479"]
[PlyCount "165"]
[EventDate "2008.04.08"]
[EventType "tourn"]
[EventRounds "9"]
[EventCountry "NOR"]
[EventCategory "11"]
[SourceTitle "CBM 124"]
[Source "ChessBase"]
[SourceDate "2008.05.28"]
[SourceVersion "1"]
[SourceVersionDate "2008.05.28"]
[SourceQuality "1"]

1. Nf3 d5 2. c4 dxc4 3. Qa4+ Nd7 4. g3 e6 5. Bg2 Ngf6 6. 0-0 a6 7. Qxc4 b5 8. Qc6 Rb8 9. d4 Bb7 10. Qc2 c5 11. a4 Be7 12. axb5 axb5 13. dxc5 Bxc5 14. Bf4 Rc8 15. Qb3 b4 16. Ne5 Bxg2 17. Kxg2 Nxe5 18. Bxe5 0-0 19. Bxf6 Qxf6 20. Nd2 Qe5 21. Rfe1 Qd4 22. e3 Qd7 23. Qd1 Qd5+ 24. Nf3 Qe4 25. Qe2 Be7 26. Rec1 Bf6 27. Kg1 h6 28. Nd2 Qd5 29. Nc4 Rc6 30. Rab1 b3 31. e4 Qb5 32. e5 Bg5 33. f4 Bxf4 34. gxf4 Rfc8 35. Ra1 Rxc4 36. Rxc4 Qxc4 37. Qf2 Qc2 38. Rf1 Qxf2+ 39. Rxf2 Rc2 40. Kg2 Kh7 41. Kf3 Kg6 42. Ke3 Rxf2 43. Kxf2 Kf5 44. Ke3 Kg4 45. Ke4 h5 46. Ke3 h4 47. Ke4 h3 48. Ke3 f5 49. exf6 gxf6 50. Ke4 Kh5 51. Kf3 Kg6 52. Kg4 e5 53. fxe5 fxe5 54. Kxh3 Kf5 55. Kg2 Ke4 56. h4 Kd3 57. h5 e4 58. h6 e3 59. h7 e2 60. h8Q e1Q 61. Qf6 Kc2 62. Kh3 Qd2 63. Kg4 Kb1 64. Qe5 Qxb2 65. Qe1+ Ka2 66. Qa5+ Qa3 67. Qd5 Qb4+ 68. Kh5 Ka3 69. Qa8+ Qa4 70. Qf8+ Ka2 71. Qf7 Qd4 72. Qe6 Qd1+ 73. Kh4 Ka1 74. Qa6+ Kb1 75. Qg6+ Kc1 76. Qg5+ Qd2 77. Qg1+ Kc2 78. Qc5+ Kd1 79. Qh5+ Ke1 80. Qe5+ Kd1 81. Qh5+ Kc1 82. Qc5+ Kb1 83. Qg1+ 1/2-1/2

[Event "Gausdal Classics GM-A"]
[Site "Gausdal"]
[Date "2008.04.08"]
[Round "1"]
[White "Macieja, Bartlomiej"]
[Black "Moskow, Eric"]
[Result "1-0"]
[WhiteElo "2599"]
[BlackElo "2229"]
[PlyCount "59"]
[EventDate "2008.04.08"]
[EventType "tourn"]
[EventRounds "9"]
[EventCountry "NOR"]
[EventCategory "11"]
[SourceTitle "CBM 124"]
[Source "ChessBase"]
[SourceDate "2008.05.28"]
[SourceVersion "1"]
[SourceVersionDate "2008.05.28"]
[SourceQuality "1"]

1. e4 c5 2. Nf3 d6 3. d4 cxd4 4. Nxd4 Nf6 5. Nc3 g6 6. Be3 Bg7 7. f3 Nc6 8. Qd2 0-0 9. Bc4 Bd7 10. 0-0-0 Rc8 11. Bb3 Ne5 12. Kb1 Re8 13. h4 h5 14. Bg5 Rc5 15. f4 Nc4 16. Qd3 Qc8 17. f5 Ne5 18. Qe2 Rxc3 19. bxc3 Kh7 20. Rh3 Nfg4 21. Nf3 Qc5 22. Nxe5 Nxe5 23. Rg3 Bb5 24. Qe3 gxf5 25. exf5 Qa3 26. Bxe7 Ng4 27. Qg5 Bh6 28. Qxh5 Rxe7 29. Qxg4 Re8 30. Bxf7 1-0

[Event "Villa Martelli ITT"]
[Site "Villa Martelli"]
[Date "2008.01.09"]
[Round "6"]
[White "Moskow, Eric"]
[Black "De Dovitiis, Alejo"]
[Result "1/2-1/2"]
[WhiteElo "2254"]
[BlackElo "2326"]
[PlyCount "106"]
[EventDate "2008.01.05"]
[EventType "tourn"]
[EventRounds "9"]
[EventCountry "ARG"]
[EventCategory "4"]
[SourceTitle "CBM 122 Extra"]
[Source "ChessBase"]
[SourceDate "2008.03.04"]
[SourceVersion "1"]
[SourceVersionDate "2008.03.04"]
[SourceQuality "1"]

1. c4 c5 2. Nc3 g6 3. g3 Bg7 4. Bg2 Nc6 5. Nf3 e5 6. d3 Nge7 7. Nd2 d6 8. Nf1 Rb8 9. Bg5 f6 10. Bd2 0-0 11. Ne3 Be6 12. Ned5 a6 13. a3 b5 14. cxb5 axb5 15. b4 Qd7 16. 0-0 h6 17. a4 cxb4 18. Nxe7+ Nxe7 19. Nxb5 b3 20. Bb4 Rfc8 21. Rc1 f5 22. Qd2 d5 23. Bxe7 Qxe7 24. d4 e4 25. Rc3 Rc4 26. Rxb3 Rxa4 27. Rfb1 Kh7 28. e3 Bc8 29. Bf1 Be6 30. Qb2 Bf8 31. Rc1 Rb7 32. Rbc3 Qb4 33. Rc7+ Rxc7 34. Rxc7+ Kg8 35. Qc1 Ra6 36. Rb7 Bf7 37. Qc7 Rf6 38. Qd8 Kg7 39. Qxd5 Qe1 40. Qe5 g5 41. d5 Kg6 42. Qd4 f4 43. Rb6 Rxb6 44. Qxb6+ Kh7 45. Qf6 Kg8 46. Qd4 Bh5 47. Nc3 Bg7 48. Qxe4 Bxc3 49. Qe6+ Bf7 50. Qxh6 fxe3 51. Qxg5+ Kf8 52. Qxe3 Qxe3 53. fxe3 Bxd5 1/2-1/2

[Event "Villa Martelli ITT"]
[Site "Villa Martelli"]
[Date "2008.01.08"]
[Round "5"]
[White "Obregon, Carlos Andres"]
[Black "Moskow, Eric"]
[Result "1-0"]
[WhiteElo "2355"]
[BlackElo "2254"]
[PlyCount "57"]
[EventDate "2008.01.05"]
[EventType "tourn"]
[EventRounds "9"]
[EventCountry "ARG"]
[EventCategory "4"]
[SourceTitle "CBM 122 Extra"]
[Source "ChessBase"]
[SourceDate "2008.03.04"]
[SourceVersion "1"]
[SourceVersionDate "2008.03.04"]
[SourceQuality "1"]

1. e4 g6 2. d4 c6 3. Nc3 d5 4. Nf3 Bg4 5. h3 Bxf3 6. Qxf3 e6 7. Be3 Nd7 8. Bd3 Qa5 9. 0-0 Ne7 10. Rfe1 a6 11. Bg5 h6 12. Bh4 g5 13. Bg3 Bg7 14. Ne2 Qd8 15. c3 0-0 16. exd5 cxd5 17. h4 Ng6 18. hxg5 Qxg5 19. Nf4 Nh4 20. Bxh4 Qxh4 21. g3 Qg5 22. Kg2 Nf6 23. Re5 Qg4 24. Qe3 Ne4 25. Be2 Qg6 26. Nxg6 fxg6 27. Rxe6 Kf7 28. Rxe4 dxe4 29. Bc4+ 1-0